[Event "Moscow op-B"]
[Site "Moscow"]
[Date "2009.02.07"]
[Round "8"]
[White "Petrov, Artur"]
[Black "Shamugia, Shavlegi"]
[Result "1-0"]
[WhiteElo "2253"]
[BlackElo "2215"]
[PlyCount "103"]
[EventDate "2009.01.31"]
[EventType "swiss"]
[EventRounds "9"]
[EventCountry "RUS"]
[SourceTitle "EXT 2012"]
[Source "ChessBase"]
[SourceDate "2011.11.24"]
[SourceVersion "1"]
[SourceVersionDate "2011.11.24"]
[SourceQuality "1"]

1. e4 d6 2. d4 Nf6 3. Nc3 e5 4. Nf3 Nbd7 5. Bc4 Be7 6. 0-0 0-0 7. Re1 c6 8. a4 Re8 9. b3 Qc7 10. Qd2 h6 11. Ba3 Nb6 12. Bf1 Be6 13. a5 Nbd7 14. h3 a6 15. dxe5 dxe5 16. Bxe7 Rxe7 17. Na4 Rd8 18. Qc3 Nh7 19. Rad1 Nhf8 20. Rd2 Ng6 21. Red1 Ree8 22. b4 f6 23. Ne1 Ndf8 24. Nd3 Kf7 25. Ndc5 Rxd2 26. Qxd2 Nf4 27. Nb6 Ke7 28. Kh2 Bc8 29. Bc4 Rd8 30. Nxc8+ Rxc8 31. g3 N4g6 32. h4 Ke8 33. h5 Ne7 34. Be6 Rb8 35. Qe2 Rd8 36. Rxd8+ Kxd8 37. Qg4 g6 38. hxg6 Nexg6 39. Bf5 Qf7 40. Bxg6 Nxg6 41. Nxb7+ Qxb7 42. Qxg6 Qe7 43. Qxh6 Kc7 44. c3 c5 45. Qe3 Kc6 46. Qxc5+ Qxc5 47. bxc5 Kb5 48. c6 Kxc6 49. f4 exf4 50. gxf4 Kb5 51. e5 fxe5 52. fxe5 1-0

[Event "Moscow op-B"]
[Site "Moscow"]
[Date "2009.02.06"]
[Round "7"]
[White "Shamugia, Shavlegi"]
[Black "Khachatryan, Vahagn"]
[Result "1-0"]
[WhiteElo "2215"]
[BlackElo "2283"]
[PlyCount "75"]
[EventDate "2009.01.31"]
[EventType "swiss"]
[EventRounds "9"]
[EventCountry "RUS"]
[SourceTitle "EXT 2012"]
[Source "ChessBase"]
[SourceDate "2011.11.24"]
[SourceVersion "1"]
[SourceVersionDate "2011.11.24"]
[SourceQuality "1"]

1. e4 e5 2. Bc4 Nf6 3. d3 Nc6 4. Nc3 Bc5 5. h3 Na5 6. Nge2 Nxc4 7. dxc4 d6 8. Qd3 Be6 9. b3 Nd7 10. Be3 0-0 11. g4 a5 12. Ng3 Bb4 13. a3 Bxc3+ 14. Qxc3 a4 15. 0-0 Qh4 16. Kg2 g6 17. Qd2 Qe7 18. Bh6 Rfb8 19. Rfb1 b5 20. cxb5 Rxb5 21. b4 d5 22. Qe2 Rab8 23. f4 f6 24. f5 Bf7 25. g5 R5b6 26. h4 Rc6 27. Kh1 fxg5 28. Bxg5 Qf8 29. Rg1 h6 30. Bd2 Rxc2 31. Rg2 Kh7 32. fxg6+ Bxg6 33. h5 Bf7 34. Qg4 Qe7 35. Nf5 Rg8 36. Qxg8+ Bxg8 37. Nxe7 Bf7 38. Rag1 1-0

[Event "Moscow op-B"]
[Site "Moscow"]
[Date "2009.02.05"]
[Round "6"]
[White "Kachar, Vladimir"]
[Black "Shamugia, Shavlegi"]
[Result "0-1"]
[WhiteElo "2295"]
[BlackElo "2215"]
[PlyCount "92"]
[EventDate "2009.01.31"]
[EventType "swiss"]
[EventRounds "9"]
[EventCountry "RUS"]
[SourceTitle "EXT 2012"]
[Source "ChessBase"]
[SourceDate "2011.11.24"]
[SourceVersion "1"]
[SourceVersionDate "2011.11.24"]
[SourceQuality "1"]

1. Nf3 Nf6 2. c4 g6 3. Nc3 Bg7 4. e4 d6 5. d4 0-0 6. Be2 e5 7. Be3 Nbd7 8. Qd2 Re8 9. dxe5 dxe5 10. Rd1 c6 11. 0-0 Qe7 12. Ne1 Nc5 13. f3 Ne6 14. Nc2 Nh5 15. Rf2 Nhf4 16. Bf1 g5 17. Qe1 h5 18. Rfd2 Bf8 19. g3 Ng6 20. Qf2 Qf6 21. Bg2 Ngf4 22. b4 Nxg2 23. Kxg2 Be7 24. Na4 Qg6 25. Nc3 Nf4+ 26. Kh1 Nh3 27. Qg2 Be6 28. Bc5 Bf6 29. Ne3 g4 30. fxg4 hxg4 31. Nf5 Ng5 32. Nd6 Reb8 33. Rd3 Kg7 34. Rf1 Rd8 35. Nf5+ Bxf5 36. exf5 Qh5 37. Rxd8 Rxd8 38. Bxa7 Nf3 39. Ne4 Qxf5 40. Qe2 Ra8 41. Bg1 Rxa2 42. Qxa2 Qxe4 43. Qb1 Qxc4 44. Rd1 e4 45. Qc1 Qe2 46. Rd6 Ne1 0-1

[Event "Voronezh Region-ch"]
[Site "Voronezh"]
[Date "2008.12.08"]
[Round "6"]
[White "Zhurikhin, Alexander"]
[Black "Shamugia, Shavlegi"]
[Result "0-1"]
[WhiteElo "2104"]
[BlackElo "2197"]
[PlyCount "60"]
[EventDate "2008.12.03"]
[EventType "swiss"]
[EventRounds "9"]
[EventCountry "RUS"]
[SourceTitle "EXT 2010"]
[Source "ChessBase"]
[SourceDate "2010.11.25"]
[SourceVersion "1"]
[SourceVersionDate "2010.11.25"]
[SourceQuality "1"]

1. Nf3 Nf6 2. b3 g6 3. Bb2 Bg7 4. g3 0-0 5. Bg2 c5 6. c4 Nc6 7. 0-0 d6 8. d4 cxd4 9. Nxd4 Bd7 10. Nc3 Rc8 11. e4 a6 12. Nd5 Nxd5 13. Nxc6 bxc6 14. Bxg7 Kxg7 15. exd5 cxd5 16. Qd4+ Kg8 17. Bxd5 a5 18. h4 Bc6 19. Bxc6 Rxc6 20. h5 Rc5 21. hxg6 fxg6 22. Rae1 Rf7 23. Re6 Qf8 24. Kg2 Rcf5 25. Re2 h5 26. Qe4 g5 27. g4 hxg4 28. Qxg4 Rf4 29. Qe6 Qa8+ 30. Kg1 Qf3 0-1

[Event "Voronezh op-A 11th"]
[Site "Voronezh"]
[Date "2007.06.16"]
[Round "5"]
[White "Shamugia, Shavlegi"]
[Black "Miroshnichenko, Dmitry"]
[Result "1-0"]
[WhiteElo "2217"]
[BlackElo "2077"]
[PlyCount "120"]
[EventDate "2007.06.12"]
[EventType "swiss"]
[EventRounds "9"]
[EventCountry "RUS"]
[SourceTitle "CBM 118 Extra"]
[Source "ChessBase"]
[SourceDate "2007.07.04"]
[SourceVersion "1"]
[SourceVersionDate "2007.07.04"]
[SourceQuality "1"]

1. d3 c5 2. g3 Nc6 3. Bg2 g6 4. Nd2 d5 5. e4 Nf6 6. exd5 Nxd5 7. Ngf3 Bg7 8. 0-0 0-0 9. Re1 Bf5 10. h3 Qd7 11. Kh2 Rac8 12. Rb1 Rfd8 13. a3 b5 14. Ne4 Nd4 15. Nh4 b4 16. Bd2 bxa3 17. bxa3 Be6 18. c4 Nf6 19. Ng5 Rb8 20. Be3 h6 21. Nxe6 Nxe6 22. Bf1 Rxb1 23. Qxb1 Qa4 24. Qc1 Kh7 25. Nf3 Nd7 26. h4 Qb3 27. h5 Ndf8 28. hxg6+ Nxg6 29. Be2 Bb2 30. Qb1 Qxa3 31. Kg2 Kg7 32. Rh1 Rh8 33. Nh4 Nxh4+ 34. Rxh4 Qa1 35. Qc2 Bf6 36. Rg4+ Kf8 37. Qb3 Qb2 38. Qxb2 Bxb2 39. Rh4 Kg7 40. Rh5 Ba3 41. Bg4 Kg6 42. f4 Ng7 43. Rd5 h5 44. Bf3 e6 45. Rg5+ Kf6 46. Bxc5 Bxc5 47. Rxc5 Rd8 48. Be4 Rd7 49. Kf3 Ke7 50. Ke3 f6 51. Ra5 Rc7 52. Kd2 f5 53. Bf3 Kf6 54. Kc3 Kg6 55. Ra6 Re7 56. d4 h4 57. gxh4 Nh5 58. Bxh5+ Kxh5 59. c5 Kxh4 60. Kd3 Kg4 1-0

[Event "Moscow op 03rd"]
[Site "Moscow"]
[Date "2007.01.31"]
[Round "5"]
[White "Shamugia, Shavlegi"]
[Black "Rasstriguine, Andrei"]
[Result "0-1"]
[WhiteElo "2257"]
[BlackElo "2161"]
[PlyCount "113"]
[EventDate "2007.01.27"]
[EventType "swiss"]
[EventRounds "9"]
[EventCountry "RUS"]
[SourceTitle "CBM 116 Extra"]
[Source "ChessBase"]
[SourceDate "2007.03.07"]
[SourceVersion "1"]
[SourceVersionDate "2007.03.07"]
[SourceQuality "1"]

1. e4 c6 2. b3 d5 3. Bb2 dxe4 4. Ne2 Bg4 5. h3 Bh5 6. Nbc3 Nf6 7. g4 Bg6 8. Bg2 h6 9. Ng3 e3 10. fxe3 Qc7 11. Nf1 e6 12. Qe2 Nd5 13. 0-0-0 Nxc3 14. Bxc3 a5 15. e4 a4 16. d3 Na6 17. Kb1 axb3 18. cxb3 Nb4 19. Rd2 f6 20. h4 Bc5 21. Rh3 e5 22. g5 hxg5 23. hxg5 Rxh3 24. Bxh3 fxg5 25. Qh2 Nxd3 26. Rxd3 Bxe4 27. Qe2 Bg6 28. Nd2 Bxd3+ 29. Qxd3 Rd8 30. Qc4 Rd5 31. Nf3 Qd6 32. Nxe5 Ba3 33. Kc2 g4 34. Bxg4 Qh6 35. b4 Qc1+ 36. Kb3 Bxb4 37. Bh5+ Kd8 38. Nxc6+ bxc6 39. Bf6+ gxf6 40. Qxc1 Rxh5 41. Kxb4 Rb5+ 42. Kc4 Kc7 43. Qf4+ Kb6 44. Qb8+ Ka6 45. Qa8+ Kb6 46. a4 Re5 47. Qd8+ Kb7 48. Qxf6 Rd5 49. Kb4 Kc7 50. Qe7+ Rd7 51. Qc5 Rd5 52. Qa7+ Kc8 53. Kc4 Rd7 54. Qa8+ Kc7 55. a5 Rd5 56. Qa7+ Kc8 57. a6 0-1

[Event "Chigorin Memorial-A 14th"]
[Site "St Petersburg"]
[Date "2006.10.29"]
[Round "8"]
[White "Shamugia, Shavlegi"]
[Black "Citak, Selim"]
[Result "1/2-1/2"]
[WhiteElo "2297"]
[BlackElo "2312"]
[PlyCount "82"]
[EventDate "2006.10.23"]
[EventType "swiss"]
[EventRounds "9"]
[EventCountry "RUS"]
[SourceTitle "EXT 2007"]
[Source "ChessBase"]
[SourceDate "2006.11.23"]
[SourceVersion "1"]
[SourceVersionDate "2006.11.23"]
[SourceQuality "1"]

1. e4 c5 2. Nf3 d6 3. Bc4 e6 4. 0-0 Nc6 5. Re1 Nf6 6. d3 Be7 7. c3 0-0 8. Bb3 d5 9. e5 Nd7 10. d4 f6 11. exf6 Nxf6 12. Bc2 Bd6 13. Nbd2 cxd4 14. cxd4 Nh5 15. Nf1 Nf4 16. a3 Qf6 17. Bxf4 Bxf4 18. Qd3 g6 19. Ne3 Bd7 20. b4 a6 21. h4 Ne7 22. Ng4 Qg7 23. Rad1 Rac8 24. Qb3 Nf5 25. g3 Bd6 26. Nge5 Bxe5 27. Nxe5 Nd6 28. a4 Nc4 29. Kg2 Nxe5 30. Rxe5 Rc4 31. f4 Rfc8 32. Bb1 Qf8 33. Qf3 Bxa4 34. Rde1 Rxd4 35. Qg4 Bc2 36. Qxe6+ Kh8 37. Rxd5 Rxd5 38. Qxd5 Bxb1 39. Rxb1 Rc2+ 40. Kf3 Qc8 41. Qd4+ Kg8 1/2-1/2

[Event "Chigorin Memorial-A 14th"]
[Site "St Petersburg"]
[Date "2006.10.27"]
[Round "6"]
[White "Airapetian, Tatevik"]
[Black "Shamugia, Shavlegi"]
[Result "1-0"]
[WhiteElo "2268"]
[BlackElo "2297"]
[PlyCount "97"]
[EventDate "2006.10.23"]
[EventType "swiss"]
[EventRounds "9"]
[EventCountry "RUS"]
[SourceTitle "EXT 2007"]
[Source "ChessBase"]
[SourceDate "2006.11.23"]
[SourceVersion "1"]
[SourceVersionDate "2006.11.23"]
[SourceQuality "1"]

1. e4 g6 2. d4 Bg7 3. Nc3 d6 4. f4 Nf6 5. Nf3 0-0 6. Be3 Nbd7 7. Qd2 c5 8. d5 Rb8 9. a4 a6 10. e5 Ng4 11. Bg1 dxe5 12. h3 e4 13. hxg4 exf3 14. gxf3 Re8 15. 0-0-0 b5 16. Nb1 bxa4 17. c3 a3 18. Nxa3 Qa5 19. Qe3 Rb3 20. Bc4 Rxa3 21. bxa3 Nb6 22. Bb3 Qxa3+ 23. Kc2 Na4 24. Qc1 Qxc1+ 25. Rxc1 Nxc3 26. Kd3 Nb5 27. Bxc5 Bb7 28. Rhe1 Bf8 29. Ke2 Rd8 30. Red1 Rd7 31. Bb6 h6 32. Kf2 Bg7 33. Rd3 Bf6 34. f5 gxf5 35. gxf5 Kh7 36. Be3 Nd6 37. Rdd1 Bg5 38. Bc2 Bxe3+ 39. Kxe3 f6 40. Ba4 Rd8 41. Kf4 h5 42. Rc7 Bc8 43. Rxe7+ Kh6 44. Bc2 Rg8 45. Rb1 Rg2 46. Be4 Rg5 47. Rb6 Nxe4 48. fxe4 Rg4+ 49. Kf3 1-0

[Event "Chigorin Memorial-A 14th"]
[Site "St Petersburg"]
[Date "2006.10.25"]
[Round "4"]
[White "Shamugia, Shavlegi"]
[Black "Demianjuk, Alexander"]
[Result "0-1"]
[WhiteElo "2297"]
[BlackElo "2345"]
[PlyCount "46"]
[EventDate "2006.10.23"]
[EventType "swiss"]
[EventRounds "9"]
[EventCountry "RUS"]
[SourceTitle "EXT 2007"]
[Source "ChessBase"]
[SourceDate "2006.11.23"]
[SourceVersion "1"]
[SourceVersionDate "2006.11.23"]
[SourceQuality "1"]

1. d4 Nf6 2. Nc3 d5 3. Bg5 Nbd7 4. f3 c6 5. e4 dxe4 6. fxe4 e5 7. dxe5 Qa5 8. Bxf6 gxf6 9. e6 fxe6 10. Bd3 h5 11. Qf3 Rh6 12. Nge2 Ne5 13. Qh3 Bc5 14. 0-0-0 Ng4 15. Qg3 Nf2 16. e5 f5 17. Qg8+ Bf8 18. Nd4 Nxd1 19. Bxf5 exf5 20. e6 Qc7 21. Rxd1 Qg7 22. Qxg7 Bxg7 23. Nxf5 Rg6 0-1

[Event "Sukhumi op"]
[Site "Sukhumi"]
[Date "2006.08.07"]
[Round "4"]
[White "Shamugia, Shavlegi"]
[Black "Kornilov, Peter"]
[Result "1/2-1/2"]
[WhiteElo "2297"]
[BlackElo "2092"]
[PlyCount "62"]
[EventDate "2006.08.04"]
[EventType "swiss"]
[EventRounds "9"]
[EventCountry "GEO"]
[SourceTitle "EXT 2011"]
[Source "ChessBase"]
[SourceDate "2010.11.26"]
[SourceVersion "1"]
[SourceVersionDate "2010.11.26"]
[SourceQuality "1"]

1. d4 Nf6 2. Nf3 e6 3. Bg5 Bb4+ 4. c3 Be7 5. Nbd2 d5 6. e3 Nbd7 7. Bd3 h6 8. Bh4 0-0 9. 0-0 c5 10. Qe2 b6 11. e4 dxe4 12. Nxe4 Bb7 13. Bg3 Nh5 14. Rad1 Nxg3 15. hxg3 Qc7 16. Bb1 Rfd8 17. Rfe1 cxd4 18. Nxd4 Nf8 19. Nb5 Qc6 20. Rxd8 Rxd8 21. Nxa7 Qd5 22. c4 Qa5 23. Nb5 Bxe4 24. Qxe4 Qd2 25. b3 Bc5 26. Rf1 Qg5 27. Qf4 Rd2 28. Qxg5 hxg5 29. Nc3 f5 30. g4 g6 31. gxf5 gxf5 1/2-1/2

[Event "Voronezh op-A"]
[Site "Voronezh"]
[Date "2006.06.12"]
[Round "1"]
[White "Kabanov, Nikolai"]
[Black "Shamugia, Shavlegi"]
[Result "0-1"]
[WhiteElo "2504"]
[BlackElo "2263"]
[PlyCount "102"]
[EventDate "2006.06.12"]
[EventType "swiss"]
[EventRounds "9"]
[EventCountry "RUS"]
[SourceTitle "CBM 112 Extra"]
[Source "ChessBase"]
[SourceDate "2006.07.14"]
[SourceVersion "1"]
[SourceVersionDate "2006.07.14"]
[SourceQuality "1"]

1. e4 c6 2. d4 d5 3. e5 Bf5 4. Nf3 e6 5. Be2 h6 6. 0-0 Nd7 7. Nbd2 Ne7 8. Nb3 Bh7 9. Bd2 Nc8 10. c4 Be7 11. Ba5 b6 12. Bd2 dxc4 13. Bxc4 a5 14. a4 0-0 15. Be3 Re8 16. Nfd2 Bf8 17. Qg4 Kh8 18. Qf3 Ne7 19. Qxf7 Nd5 20. Nc1 Nxe5 21. Qh5 Ng6 22. Nd3 Bd6 23. Nf3 Rf8 24. Nfe5 Qe8 25. Qe2 Bxe5 26. dxe5 Nge7 27. Rad1 Rd8 28. f3 Qf7 29. Nf2 Qh5 30. Bc1 Qh4 31. Ne4 Nf5 32. g4 Nfe7 33. Ng3 Ng6 34. Bxd5 cxd5 35. Nh5 Rc8 36. Kh1 Rc4 37. Be3 Rxa4 38. Rc1 Rc4 39. Rxc4 dxc4 40. Qxc4 Qe7 41. Bxb6 Nxe5 42. Qc3 Nxf3 43. Bc5 Qc7 44. Ng3 Qb7 45. Bxf8 Nh4+ 46. Rf3 Nxf3 47. Bxg7+ Kg8 48. Kg2 Ng5+ 49. Kf1 Qxg7 50. Qxa5 Bd3+ 51. Ke1 Qd4 0-1

[Event "Chigorin Memorial-B 10th"]
[Site "St Petersburg"]
[Date "2002.10.26"]
[Round "2"]
[White "Ivanov, Alexey2222"]
[Black "Shamugia, Shavlegi"]
[Result "1-0"]
[WhiteElo "2212"]
[BlackElo "2320"]
[PlyCount "65"]
[EventDate "2002.10.25"]
[EventType "swiss"]
[EventRounds "9"]
[EventCountry "RUS"]
[SourceTitle "EXT 2003"]
[Source "ChessBase"]
[SourceDate "2002.11.25"]
[SourceVersion "1"]
[SourceVersionDate "2002.11.25"]
[SourceQuality "1"]

1. e4 c5 2. Nf3 d6 3. d4 Nf6 4. Nc3 cxd4 5. Nxd4 g6 6. Be3 Bg7 7. f3 0-0 8. Qd2 Nc6 9. Bc4 Bd7 10. 0-0-0 Rc8 11. Bb3 Ne5 12. Kb1 Nc4 13. Bxc4 Rxc4 14. g4 b5 15. b3 Rc5 16. Ne6 fxe6 17. Bxc5 dxc5 18. e5 Nd5 19. Nxd5 Bxe5 20. Nxe7+ Qxe7 21. Qxd7 Qf6 22. Rhe1 Kh8 23. g5 Qxg5 24. Qxe6 Bd4 25. Qd7 Qf6 26. Re8 Rxe8 27. Qxe8+ Kg7 28. Qd7+ Kh6 29. Qh3+ Kg5 30. c3 Bxc3 31. f4+ Qxf4 32. Rg1+ Kf6 33. Rf1 1-0

[Event "Chigorin Memorial-B 10th"]
[Site "St Petersburg"]
[Date "2002.10.25"]
[Round "1"]
[White "Shamugia, Shavlegi"]
[Black "Doluhanova, Evgeniya"]
[Result "1-0"]
[WhiteElo "2320"]
[BlackElo "2139"]
[PlyCount "71"]
[EventDate "2002.10.25"]
[EventType "swiss"]
[EventRounds "9"]
[EventCountry "RUS"]
[SourceTitle "EXT 2003"]
[Source "ChessBase"]
[SourceDate "2002.11.25"]
[SourceVersion "1"]
[SourceVersionDate "2002.11.25"]
[SourceQuality "1"]

1. e4 c5 2. Nf3 e6 3. d4 cxd4 4. Nxd4 Nf6 5. Nc3 d6 6. Be2 a6 7. Be3 Qc7 8. f4 b5 9. Bf3 Bb7 10. a3 Nbd7 11. Qe2 Be7 12. 0-0 0-0 13. Kh1 Rac8 14. g4 Nc5 15. Qg2 d5 16. exd5 Nxd5 17. Nxd5 exd5 18. Bxd5 Bxd5 19. Qxd5 Rfd8 20. Qg2 Bf6 21. c3 Bxd4 22. cxd4 Nb3 23. Rad1 Qe7 24. Bg1 Qd6 25. d5 a5 26. f5 Rc4 27. Qf3 a4 28. Be3 b4 29. axb4 Qxb4 30. d6 h5 31. g5 Nd4 32. Qd5 Nc2 33. g6 Rf8 34. gxf7+ Kh7 35. f6 Rg4 36. Qxh5# 1-0

[Event "Voronezh op 6th"]
[Site "Voronezh"]
[Date "2002.06.13"]
[Round "2"]
[White "Shamugia, Shavlegi"]
[Black "Grebionkin, Vladimir"]
[Result "1/2-1/2"]
[WhiteElo "2365"]
[BlackElo "2472"]
[PlyCount "104"]
[EventDate "2002.06.12"]
[EventType "swiss"]
[EventRounds "9"]
[EventCountry "RUS"]
[SourceTitle "CBM 088 Extra"]
[Source "ChessBase"]
[SourceDate "2002.07.01"]
[SourceVersion "2"]
[SourceVersionDate "2002.07.01"]
[SourceQuality "1"]

1. e4 c5 2. Nf3 Nc6 3. d4 cxd4 4. Nxd4 Nf6 5. Nc3 e5 6. Ndb5 d6 7. Nd5 Nxd5 8. exd5 Ne7 9. c3 Nf5 10. a4 Be7 11. Be2 0-0 12. 0-0 Nh4 13. Kh1 a6 14. Na3 e4 15. Nc4 Bg5 16. Be3 Bxe3 17. fxe3 Qg5 18. Rf2 Nf5 19. Qd2 Bd7 20. Raf1 Rad8 21. Rf4 Nh4 22. Bd1 Bxa4 23. Bxa4 b5 24. Bc2 bxc4 25. Bxe4 f5 26. Qf2 Ng6 27. Rxf5 Rxf5 28. Bxf5 h6 29. e4 Ne5 30. Qb6 Qe7 31. Ra1 g6 32. Be6+ Kh8 33. Rxa6 Qf8 34. Kg1 Rb8 35. Qxd6 Qxd6 36. Rxd6 Rxb2 37. Rd8+ Kg7 38. d6 Kf6 39. Bd5 Rb6 40. Rf8+ Kg5 41. Kf2 Rxd6 42. Ke3 Ng4+ 43. Kd4 Rf6 44. h4+ Kxh4 45. Rxf6 Nxf6 46. e5 Ne8 47. Bf7 Ng7 48. Bxg6 Kg5 49. Be4 Kf4 50. g3+ Kxg3 51. Ke3 h5 52. Bf3 h4 1/2-1/2

[Event "GEO-ch I Liga"]
[Site "Tbilisi"]
[Date "2002.04.27"]
[Round "3"]
[White "Aroshidze, Levan"]
[Black "Shamugia, Shavlegi"]
[Result "1-0"]
[WhiteElo "2347"]
[BlackElo "2310"]
[PlyCount "141"]
[EventDate "2002.05.??"]
[EventType "swiss"]
[EventRounds "9"]
[EventCountry "GEO"]
[SourceTitle "EXT 2004"]
[Source "ChessBase"]
[SourceDate "2003.11.25"]
[SourceVersion "1"]
[SourceVersionDate "2003.11.25"]
[SourceQuality "1"]

1. e4 c5 2. Nf3 d6 3. d4 cxd4 4. Nxd4 Nf6 5. f3 e5 6. Nb3 d5 7. Bg5 Be6 8. Bxf6 gxf6 9. exd5 Bxd5 10. Nc3 Bb4 11. Qd3 Be6 12. Qxd8+ Kxd8 13. 0-0-0+ Ke7 14. Nd5+ Bxd5 15. Rxd5 Nc6 16. c3 Bd6 17. Bd3 h5 18. Rd1 Rad8 19. Bf5 b6 20. R1d3 Rhg8 21. Nd2 Rxg2 22. Ne4 Rg1+ 23. Kd2 Nd4 24. Rxd6 Rg2+ 25. Ke1 Rxd6 26. Nxd6 Nxf5 27. Nxf5+ Ke6 28. Rd2 Rg5 29. Ne3 Rg1+ 30. Nf1 f5 31. Kf2 Rg8 32. Ne3 Rc8 33. f4 f6 34. Kf3 h4 35. Rg2 Rd8 36. Rg6 Rd2 37. fxe5 Rxh2 38. Rxf6+ Kxe5 39. Rxf5+ Ke6 40. Rb5 Kd7 41. Rb4 Rh3+ 42. Kf2 Rh2+ 43. Kf3 Kc6 44. Nd1 Rh3+ 45. Ke2 Rh1 46. Nf2 Rc1 47. Kd2 Ra1 48. Rxh4 Rxa2 49. Kc2 Ra5 50. Nd3 Rg5 51. Rh6+ Kb5 52. Re6 Rg2+ 53. Kb3 Rg7 54. Nb4 Kc5 55. Rc6+ Kb5 56. c4+ Ka5 57. Rd6 Rg3+ 58. Rd3 Rxd3+ 59. Nxd3 Ka6 60. Kb4 Kb7 61. c5 bxc5+ 62. Kxc5 Kc7 63. Nf4 Kb7 64. Nd5 Kc8 65. Kc6 Kb8 66. Nb4 Ka8 67. Nd3 Kb8 68. Nc5 Ka8 69. Kc7 a5 70. Kb6 a4 71. Nxa4 1-0

[Event "Chigorin Memorial 09th"]
[Site "St Petersburg"]
[Date "2001.10.31"]
[Round "6"]
[White "Shamugia, Shavlegi"]
[Black "Egorov, Evgeni"]
[Result "0-1"]
[WhiteElo "2292"]
[BlackElo "2416"]
[PlyCount "138"]
[EventDate "2001.10.26"]
[EventType "swiss"]
[EventRounds "9"]
[EventCountry "RUS"]
[SourceTitle "EXT 2002"]
[Source "ChessBase"]
[SourceDate "2001.11.25"]
[SourceVersion "1"]
[SourceVersionDate "2001.11.25"]
[SourceQuality "1"]

1. e4 e5 2. Nf3 Nc6 3. Bb5 a6 4. Ba4 Nf6 5. 0-0 Be7 6. Re1 b5 7. Bb3 d6 8. c3 0-0 9. d3 Bb7 10. Nbd2 a5 11. a4 b4 12. Nc4 Nd7 13. Ne3 Nb6 14. Nd5 bxc3 15. Nxe7+ Nxe7 16. bxc3 c5 17. Rb1 Rb8 18. Ng5 d5 19. exd5 h6 20. Ne4 Nbxd5 21. Qh5 Qc7 22. Bxh6 gxh6 23. Qxh6 Qc6 24. Qh5 Qg6 25. Qxe5 Rfe8 26. Nd6 Red8 27. Nxf7 Qxf7 28. Qxe7 Qxe7 29. Rxe7 Kf8 30. Rh7 Bc6 31. Re1 Be8 32. Bxd5 Rxd5 33. h4 Bf7 34. Re3 Kg8 35. Rh6 Kg7 36. Ra6 c4 37. dxc4 Rf5 38. Rg3+ Kf8 39. Rg5 Rf4 40. Ra7 Rb1+ 41. Kh2 Rxf2 42. c5 Rc1 43. Rxa5 Rxc3 44. Ra8+ Ke7 45. Ra7+ Kf6 46. Ra6+ Be6 47. Rh5 Re2 48. Rh6+ Kf5 49. Rd6 Rcc2 50. Rh5+ Kf4 51. Rg5 Bf5 52. Rd1 Be4 53. Rf1+ Ke3 54. Rg1 Kf2 55. Ra1 Rc4 56. h5 Bg6 57. g3 Be8 58. Rg1 Kf3+ 59. Kh3 Bd7+ 60. g4 Kf4 61. Rf5+ Bxf5 62. Rf1+ Kg5 63. Rxf5+ Kh6 64. Rf6+ Kg7 65. Rg6+ Kf7 66. a5 Rxc5 67. a6 Re6 68. a7 Ra5 69. Rg5 Rxa7 0-1

[Event "Chigorin Memorial 09th"]
[Site "St Petersburg"]
[Date "2001.10.28"]
[Round "3"]
[White "Dobrov, Vladimir"]
[Black "Shamugia, Shavlegi"]
[Result "0-1"]
[WhiteElo "2436"]
[BlackElo "2292"]
[PlyCount "92"]
[EventDate "2001.10.26"]
[EventType "swiss"]
[EventRounds "9"]
[EventCountry "RUS"]
[SourceTitle "EXT 2002"]
[Source "ChessBase"]
[SourceDate "2001.11.25"]
[SourceVersion "1"]
[SourceVersionDate "2001.11.25"]
[SourceQuality "1"]

1. d4 Nf6 2. c4 g6 3. g3 Bg7 4. Bg2 0-0 5. Nc3 d6 6. Nf3 Nbd7 7. 0-0 e5 8. h3 Re8 9. e4 exd4 10. Nxd4 Nc5 11. Re1 a5 12. Qc2 Nfd7 13. Be3 Ne5 14. b3 Ned3 15. Red1 Nb4 16. Qe2 Bd7 17. Rab1 Qc8 18. Kh2 Re5 19. f4 Re8 20. a3 Nc6 21. Ndb5 Ne6 22. Nd5 Qd8 23. Qf2 f5 24. exf5 gxf5 25. Ndxc7 Nxc7 26. Bb6 Rc8 27. Rxd6 Nxb5 28. cxb5 Qe7 29. Rbd1 Nb8 30. Qf3 Rc2 31. Qxb7 Qe2 32. Rxd7 Nxd7 33. Rxd7 Bf6 34. Qd5+ Qe6 35. Kh1 Rc1+ 36. Bg1 Qxd5 37. Bxd5+ Kh8 38. Kg2 Re2+ 39. Kf3 Rd2 40. g4 Rxg1 41. g5 Rc1 42. Ke3 Rcd1 43. gxf6 Rxd5 44. Re7 Kg8 45. Rg7+ Kf8 46. b6 R1d2 0-1

[Event "Chigorin Memorial 09th"]
[Site "St Petersburg"]
[Date "2001.10.26"]
[Round "1"]
[White "Voitsekhovsky, Stanislav"]
[Black "Shamugia, Shavlegi"]
[Result "1-0"]
[WhiteElo "2488"]
[BlackElo "2292"]
[PlyCount "77"]
[EventDate "2001.10.26"]
[EventType "swiss"]
[EventRounds "9"]
[EventCountry "RUS"]
[SourceTitle "EXT 2002"]
[Source "ChessBase"]
[SourceDate "2001.11.25"]
[SourceVersion "1"]
[SourceVersionDate "2001.11.25"]
[SourceQuality "1"]

1. e4 c5 2. Nc3 d6 3. f4 Nf6 4. Nf3 e6 5. g3 Be7 6. Bg2 Nc6 7. 0-0 0-0 8. d3 Rb8 9. Kh1 d5 10. e5 Nd7 11. g4 Nd4 12. Nxd4 cxd4 13. Ne2 Bc5 14. Ng3 f6 15. exf6 Nxf6 16. h3 Kh8 17. Bd2 Qc7 18. Ne2 Ra8 19. b4 Bb6 20. a4 a6 21. Be1 Bd7 22. Bg3 Rac8 23. Ra2 Qd6 24. Qb1 Ng8 25. Qb2 Qe7 26. a5 Bc7 27. Qxd4 Bd6 28. c3 Nh6 29. Qe3 Qf7 30. d4 Bb5 31. Rf3 Qg6 32. Rd2 Rce8 33. Ng1 Nf7 34. Rff2 Qb1 35. Kh2 Re7 36. Nf3 Qb3 37. Ne5 Rc8 38. Nxf7+ Rxf7 39. Qxe6 1-0